000 00614nam a2200229Ia 4500
003 OSt
005 20220928130638.0
006 a|||||r|||| 00| 0
007 ta
008 220927b |||||||| |||| 00| 0 eng d
024 _a38151
037 _cTextual
040 _aSDCL
_cSDCL
_beng
041 _2eng
_aeng
082 _aQ41:22522, N3
100 _aNagar Shanti Lal
245 0 _aJatakas in Indian art.
260 _aDelhi
_bParimal Publications
_c1993
300 _axxii,210p.+various pages
_ccm.
942 _hQ41:22522, N3
_cTEXL
_2CC
999 _c787759
_d787759